| 000 | 01317nam a2200229Ia 4500 | ||
|---|---|---|---|
| 999 |
_c52552 _d52552 |
||
| 001 | 19576 | ||
| 003 | GE_BSU | ||
| 005 | 20251117195737.0 | ||
| 008 | 181216s2005||||ge |||||||||||||| ||geo|| | ||
| 040 | _cGE_BSU | ||
| 041 | _ageo | ||
| 080 | _a336.14(479.22) ს-36 | ||
| 245 |
_aსახელმწიფო ბიუჯეტი და მისი მონიტორინგის მეთოდები: _bგზამკვლევი / _c საქართველოს ახალგაზრდა ეკონომისტთა ასოციაცია. |
||
| 264 |
_aთბილისი, _c2005. |
||
| 300 |
_a36 გვ.; _b21 სმ. |
||
| 653 | _aბიბლიოთეკარი | ||
| 653 | _aსახელმწიფო ბიუჯეტი და მისი მონიტორინგის მეთოდები: გზამკვლევი | ||
| 653 | _aსაქართველოს საბიუჯეტო სისტემა | ||
| 710 |
_aსაქართველოს ახალგაზრდა ეკონომისტთა ასოციაცია. _926254 |
||
| 856 |
_uhttps://dspace.nplg.gov.ge/bitstream/1234/177693/1/Saxelmwifo_Biujeti_Da_Misi_Monitoringis_Metodebi.pdf _yელ. ვერსია |
||
| 942 |
_cBK _2udc |
||